Az európai startup környezet és Magyarország vállalkozói környezete

Bibliográfiai részletek
Szerző: Lendvai Ákos Pál
További közreműködők: Engelberth Dr István
Dokumentumtípus: Diplomadolgozat
Kulcsszavak:Startup
Európai Unió
Magyarország
Mikrovállalat
Kis- és középvállalkozás
Online Access:http://dolgozattar.uni-bge.hu/20147

MARC

LEADER 00000nta a2200000 i 4500
001 dolg20147
005 20221013083148.0
008 190429suuuu hu om 000 hun d
040 |a BGE Dolgozattár Repozitórium  |b hun 
041 |a hu 
100 1 |a Lendvai Ákos Pál 
245 1 3 |a Az európai startup környezet és Magyarország vállalkozói környezete  |c Lendvai Ákos Pál  |h [elektronikus dokumentum] 
695 |a Startup 
695 |a Európai Unió 
695 |a Magyarország 
695 |a Mikrovállalat 
695 |a Kis- és középvállalkozás 
700 1 |a Engelberth Dr István  |e ths 
856 4 0 |u http://dolgozattar.uni-bge.hu/20147/1/Szakdolgozat_Lendvai_%C3%81kos.pdf  |z Dokumentum-elérés